Your Song Lyrics by Elton John - Statistics

General Stats
  • This quiz has been taken 2,397 times
  • The average score is 24 of 29
Answer Stats
% Correct
It's little bit _____, this feeling inside funny
98%
I don't have much _____, but boy if I did money
98%
I'm not ___ of those who can easily hide. one
97%
I'd buy a big house where we ____ could live both
95%
I hope you don't ____ mind
94%
And you can tell everybody this is your ____ song
94%
____ wonderful life is while you're in the world How
92%
I hope you don't mind that I put ____ in words down
90%
I know it's not ____ but it's the best I can do much
89%
It may be quite ______ but now that it's done simple
87%
I ____ you don't mind hope
85%
How _________ life is while you're in the world wonderful
85%
I hope ___ don't mind you
85%
And you can tell _________ this is your song everybody
84%
My ____ is my song and this one's for you gift
84%
How wonderful ____ is while you're in the world life
84%
I hope you don't mind ____ I put down in words that
84%
I hope you don't mind that I put down in _____ words
84%
It ___ be quite simple but now that it's done may
81%
Or a ___ who makes potions in a travelling show man
77%
So excuse me forgetting but these ______ I do things
77%
You see I've _________ if they're green or they're blue forgotten
75%
It's for ______ like you that keep it turned on people
75%
Anyway the thing is what I ______ mean really
71%
Yours are the sweetest ____ I've ever seen eyes
70%
If I was a ________, but then again, no sculptor
66%
But the sun's been _____ kind while I wrote this song quite
61%
I sat on the roof and kicked off the ____ moss
55%
Well a few of the ______ well they've got me quite cross verses
46%
No matching quizzes found
Score Distribution
Percent of People with Each Score
Percentile by Number Answered
Your Score History
You have not taken this quiz